The origin of a land flora; (Record no. 74856)
[ view plain ]
| 000 -LEADER | |
|---|---|
| fixed length control field | 00837cam a2200265u 4500 |
| 001 - CONTROL NUMBER | |
| control field | 74856 |
| 003 - CONTROL NUMBER IDENTIFIER | |
| rucl marc code | BD-RjUL |
| 005 - DATE AND TIME OF LATEST TRANSACTION | |
| control field | 20211209082619.0 |
| 008 - FIXED-LENGTH DATA ELEMENTS--GENERAL INFORMATION | |
| fixed length control field | 830106s1959 nyua 000 0 eng |
| 035 ## - SYSTEM CONTROL NUMBER | |
| System control number | (BD-RjUL) |
| 040 ## - CATALOGING SOURCE | |
| Original cataloging agency | DLC |
| Transcribing agency | CarP |
| Modifying agency | DLC |
| Language of cataloging | eng |
| 041 ## - LANGUAGE CODE | |
| Language code of text/sound track or separate title | eng |
| 082 ## - DEWEY DECIMAL CLASSIFICATION NUMBER | |
| Edition number | 23 |
| Classification number | 580 |
| Author mark and year | BOO 1959 |
| 100 1# - MAIN ENTRY--PERSONAL NAME | |
| Personal name | Bower, F. O. |
| Fuller form of name | (Frederick Orpen), |
| Dates associated with a name | 1855-1948. |
| 9 (RLIN) | 225932 |
| 245 14 - TITLE STATEMENT | |
| Title | The origin of a land flora; |
| Remainder of title | a theory based upon the facts of alteration. |
| 260 ## - PUBLICATION, DISTRIBUTION, ETC. (IMPRINT) | |
| Place of publication, distribution, etc. | New York, |
| Name of publisher, distributor, etc. | Hafner Pub. Co., |
| Date of publication, distribution, etc. | 1959. |
| 300 ## - PHYSICAL DESCRIPTION | |
| Pagination | 727 p. |
| Illustrations | illus. |
| Size | 24 cm. |
| 650 #0 - SUBJECT ADDED ENTRY--TOPICAL TERM | |
| Topical term or geographic name as entry element | Plants |
| General subdivision | Evolution. |
| 9 (RLIN) | 225933 |
| Topical term or geographic name as entry element | Plants |
| General subdivision | Phylogeny. |
| 9 (RLIN) | 225934 |
| Topical term or geographic name as entry element | Generations, Alternating. [from old catalog] |
| 9 (RLIN) | 225935 |
| 906 ## - LOCAL DATA ELEMENT F, LDF (RLIN) | |
| a | 0 |
| b | cbc |
| c | premunv |
| d | u |
| e | ncip |
| f | 19 |
| g | y-gencatlg |
| 942 ## - ADDED ENTRY ELEMENTS (KOHA) | |
| Source of classification or shelving scheme | Dewey Decimal Classification |
| Koha item type | Books |
| Lost status | Source of classification or shelving scheme | Damaged status | Not for loan | Collection code | Permanent Location | Current Location | Shelving location | Date acquired | Source of acquisition | Cost, normal purchase price | Total Checkouts | Full call number | Date last seen | Copy number | Koha item type |
|---|---|---|---|---|---|---|---|---|---|---|---|---|---|---|---|
| Dewey Decimal Classification | Not For Loan | Non-fiction | Central Library, University of Rajshahi | Central Library, University of Rajshahi | Reading Room | 17/12/1964 | Euro Bangladesh News Agency | 15.00 | 580 BOO 1959 | 12/12/2018 | C-1 | Books | |||
| Dewey Decimal Classification | Non-fiction | Central Library, University of Rajshahi | Central Library, University of Rajshahi | 04/07/1964 | Zeitlinger | 90.00 | 580 BOO 1959 | 22/12/2018 | C-2 | Books |